000
00263nam a2200097Ia 4500
008
201216s9999 xx 000 0 und d
100
_a
Taylor, Bernard and Hussey, David
245
0
_a
(The) Realities of Planning
260
_a
Oxford
_b
Pargamon Press
_c
1983
300
_a
0
999
_c
6032
_d
6032